Manual of Stamp Laws / (Record no. 540987)

000 -LEADER
fixed length control field 00366nam a22001217a 4500
082 ## - DEWEY DECIMAL CLASSIFICATION NUMBER
Classification number 343.057
100 ## - MAIN ENTRY--PERSONAL NAME
Personal name Chaudhary, Khursheed Ahmed
245 ## - TITLE STATEMENT
Title Manual of Stamp Laws /
Statement of responsibility, etc. Khursheed Ahmed Chaudhary
260 ## - PUBLICATION, DISTRIBUTION, ETC.
Place of publication, distribution, etc. Lahore :
Name of publisher, distributor, etc. Pakistan Legal Publishers,
Date of publication, distribution, etc. 2019.
300 ## - PHYSICAL DESCRIPTION
Extent 432 p. ;
Dimensions 24cm.
942 ## - ADDED ENTRY ELEMENTS (KOHA)
Source of classification or shelving scheme
Koha item type Book
Holdings
Withdrawn status Lost status Source of classification or shelving scheme Damaged status Not for loan Permanent Location Current Location Shelving location Date acquired Source of acquisition Full call number Barcode Date last seen Price effective from Koha item type
          NUST Law School (NLS) NUST Law School (NLS) Law 11/13/2020 Allied Book Company 343.057 CHA CL-443 11/13/2020 11/13/2020 Book
© 2023 Central Library, National University of Sciences and Technology. All Rights Reserved.